=LDR 00000nam 2200000 4500 =001 INLIS000000000023678 =005 20130612122323 =008 ***********************************Ind** =035 ##$$0010-061300000023678 =041 ##$$a Ind =082 ##$$a 634.6 =090 ##$$a 634.6, Naz b =100 ##$$a Nazaruddin =245 ##$$a Buah komersil, Nazaruddin =260 ##$$a 1994 $b Jakarta =300 ##$$a 172 hlm, ilus, 21 cm =650 ##$$a Tanaman buah-buahan =850 ##$$a NBPNMAT